<?xml version="1.0" encoding="UTF-8"?>
<record
    xmlns:xsi="http://www.w3.org/2001/XMLSchema-instance"
    xsi:schemaLocation="http://www.loc.gov/MARC21/slim http://www.loc.gov/standards/marcxml/schema/MARC21slim.xsd"
    xmlns="http://www.loc.gov/MARC21/slim">

  <leader>01871nam#a2200265   4500</leader>
  <controlfield tag="001">9786071520302</controlfield>
  <controlfield tag="003">VST</controlfield>
  <controlfield tag="005">20250425090631.0</controlfield>
  <controlfield tag="006">m     o  d        </controlfield>
  <controlfield tag="007">cr#un#---uucau</controlfield>
  <controlfield tag="008">230410s2023    MEX                     d</controlfield>
  <datafield tag="020" ind1=" " ind2=" ">
    <subfield code="a">9786071520302</subfield>
  </datafield>
  <datafield tag="040" ind1=" " ind2=" ">
    <subfield code="a">VST</subfield>
    <subfield code="c">VST</subfield>
    <subfield code="d">VST</subfield>
  </datafield>
  <datafield tag="100" ind1="1" ind2=" ">
    <subfield code="a">Frederick S. Hillier, Gerarld J. Lieberman</subfield>
    <subfield code="e">author</subfield>
  </datafield>
  <datafield tag="245" ind1="1" ind2="0">
    <subfield code="a">Introducci&#xF3;n a la investigaci&#xF3;n de operaciones, 11th Edition</subfield>
  </datafield>
  <datafield tag="250" ind1=" " ind2=" ">
    <subfield code="a">11th edition</subfield>
  </datafield>
  <datafield tag="260" ind1=" " ind2=" ">
    <subfield code="a">Mexico :</subfield>
  </datafield>
  <datafield tag="264" ind1=" " ind2="1">
    <subfield code="a">Mexico :</subfield>
    <subfield code="b">McGraw-Hill Interamericana,</subfield>
    <subfield code="c">2023</subfield>
  </datafield>
  <datafield tag="300" ind1=" " ind2=" ">
    <subfield code="a">1 online resource</subfield>
  </datafield>
  <datafield tag="336" ind1=" " ind2=" ">
    <subfield code="a">text</subfield>
    <subfield code="b">txt</subfield>
    <subfield code="2">rdacontent</subfield>
  </datafield>
  <datafield tag="337" ind1=" " ind2=" ">
    <subfield code="a">computer</subfield>
    <subfield code="b">c</subfield>
    <subfield code="2">rdamedia</subfield>
  </datafield>
  <datafield tag="520" ind1=" " ind2=" ">
    <subfield code="a">Esta nueva edici&#xF3;n retoma las fortalezas de ediciones anteriores y su autor presenta nuevas formas de hacer que el contenido est&#xE9; actualizado y sea interesante para los estudiantes. Se ha incorporado una gran cantidad de software de &#xFA;ltima generaci&#xF3;n, f&#xE1;cil de usar, y tiene m&#xE1;s cobertura de aplicaciones que nunca. Cuando el primer coautor recibi&#xF3; el prestigioso Premio de Escritura Expositiva de INFORMS, por una edici&#xF3;n reciente, la menci&#xF3;n del premio describ&#xED;a las razones del gran &#xE9;xito de este libro de la siguiente manera: "Dos caracter&#xED;sticas explican este &#xE9;xito. En primer lugar, las ediciones han sido sobresalientes desde el punto de vista de los estudiantes por su excelente motivaci&#xF3;n, explicaciones claras e intuitivas, buenos ejemplos de pr&#xE1;ctica profesional, excelente organizaci&#xF3;n del material, software de apoyo muy &#xFA;til y matem&#xE1;ticas adecuadas, pero no excesivas. En segundo lugar, las ediciones han sido atractivas desde el punto de vista de los profesores porque, repetidamente, presentan material de vanguardia con una lucidez notable y en un lenguaje sencillo".</subfield>
  </datafield>
  <datafield tag="856" ind1="4" ind2="0">
    <subfield code="u">https://resolver.vitalsource.com/9786071520302</subfield>
  </datafield>
  <datafield tag="942" ind1=" " ind2=" ">
    <subfield code="c">RAA</subfield>
  </datafield>
  <datafield tag="952" ind1=" " ind2=" ">
    <subfield code="0">0</subfield>
    <subfield code="1">0</subfield>
    <subfield code="4">0</subfield>
    <subfield code="7">0</subfield>
    <subfield code="8">MGH</subfield>
    <subfield code="a">BD-UIN</subfield>
    <subfield code="b">BD-UIN</subfield>
    <subfield code="d">2025-04-25</subfield>
    <subfield code="l">0</subfield>
    <subfield code="r">2025-04-25</subfield>
    <subfield code="w">2025-04-25</subfield>
    <subfield code="y">RAA</subfield>
  </datafield>
  <datafield tag="999" ind1=" " ind2=" ">
    <subfield code="c">229108</subfield>
    <subfield code="d">229108</subfield>
  </datafield>
</record>
